|
|
|
|
| LEADER |
00000nab a2200000ua 4500 |
| 001 |
vtls010802697 |
| 003 |
SK-MaSNL |
| 005 |
20260304013305.0 |
| 008 |
230222s2000 xo |||||||||||||||||eng| |
| 035 |
|
|
|a (urnnbn)urn:nbn:sk:snk:ar-a028a7
|
| 035 |
|
|
|a (uuid)b97866fd-78a4-469b-a61b-1975379d4fc9
|
| 035 |
|
|
|a urn:nbn:sk:snk-ab4hvq
|
| 040 |
|
|
|a SNKBUCL
|b slo
|c SNKBUCL
|e AACR2
|
| 041 |
0 |
|
|a eng
|
| 044 |
|
|
|a xo
|c SK
|
| 100 |
1 |
|
|a Samad, A.
|4 aut
|9 1294090
|
| 245 |
1 |
0 |
|a CHARACTERIZATION OF AN INDIAN ISOLATE OF CUCUMBER MOSAIC VIRUS INFECTING EGYPTIAN HENBANE (HYOSCYAMUS MUTICUS L.)
|c A. Samad, A. Srivastava, G. Chandra, M. Zaim, B. P. Singh, P. V. Ajayakumar, S.K. Raj
|
| 700 |
1 |
|
|a Srivastava, A.
|4 aut
|9 1294091
|
| 700 |
1 |
|
|a Chandra, G.
|4 aut
|9 1294092
|
| 700 |
1 |
|
|a Zaim, M.
|4 aut
|9 1294093
|
| 700 |
1 |
|
|a Singh, B. P.
|4 aut
|9 1294094
|
| 700 |
1 |
|
|a Ajayakumar, P. V.
|4 aut
|9 1294095
|
| 700 |
1 |
|
|a Raj, S.K.
|4 aut
|9 1294096
|
| 773 |
0 |
|
|t Acta virologica
|g Roč. 44, č. 3 - 4 (2000), s. 131-136
|
| 958 |
|
|
|a OND
|
| 958 |
|
|
|a EUIPO
|
| 958 |
|
|
|a article3
|
| 999 |
|
|
|c 2575184
|d 2577114
|